Advances in membership categorisation analysis (Record no. 33608)
[ view plain ]
| 000 -LEADER | |
|---|---|
| fixed length control field | 02650nam a2200253 a 4500 |
| 001 - CONTROL NUMBER | |
| control field | 18264382 |
| 008 - FIXED-LENGTH DATA ELEMENTS--GENERAL INFORMATION | |
| fixed length control field | 170116s2015 ||||||||||||||||| || u |
| 010 ## - LIBRARY OF CONGRESS CONTROL NUMBER | |
| LC control number | 2014948352 |
| 020 ## - INTERNATIONAL STANDARD BOOK NUMBER | |
| International Standard Book Number | 9781446270738 |
| 050 ## - LIBRARY OF CONGRESS CALL NUMBER | |
| Classification number | P 95.45 Adv |
| 100 ## - MAIN ENTRY--PERSONAL NAME | |
| Personal name | Fitzgerald, Richard |
| 245 10 - TITLE STATEMENT | |
| Title | Advances in membership categorisation analysis |
| Statement of responsibility, etc. | Edited By Richard Fitzgerald and William Housley |
| 260 ## - PUBLICATION, DISTRIBUTION, ETC. | |
| Place of publication, distribution, etc. | Los Angeles |
| Name of publisher, distributor, etc. | SAGE Publications |
| Date of publication, distribution, etc. | 2015 |
| 300 ## - PHYSICAL DESCRIPTION | |
| Extent | xi, 194 p. : ill. |
| 350 ## - PRICE (NR) (BK AM CF MU VM SE) [OBSOLETE] | |
| Price | 52.00 |
| 500 ## - GENERAL NOTE | |
| General note | Includes bibliographical references (pages 177-192) and index. |
| 505 ## - FORMATTED CONTENTS NOTE | |
| Formatted contents note | Introduction to membership categorization analysis / William Housley and Richard Fitzgerald -- De-reifiying categories / Rod Watson -- Prospective and retrospective categorization: category proffers and inferences in social interaction and rolling news media / Elizabeth Stokoe and Frederick Attenborough -- Categorization work in the courtroom : the 'foundational' character of membership categorization analysis / Christian Licoppe -- Challenging normativity : re-appraising category, bound, tied and predicated features / Edward Reynolds and Richard Fitzgerald -- Omnirelevance in technologized interaction : couples coping with video calling distortions / Sean Rintel -- Membership categorization and methodological reasoning in research team interaction / William Housley and Robin James Smith -- Transcription key. |
| 520 ## - SUMMARY, ETC. | |
| Summary, etc. | "This is an exciting addition to the dynamic, multidisciplinary field of membership categorization analysis. Bringing together the biggest names in MCA this landmark publication provides a contemporary analysis of the field and a platform for emerging researchers and students to build upon. The book sets out the current methodological developments of MCA highlighting its analytic strength -- particularly when examining social identity and social knowledge. It provides a sophisticated tool of qualitative analysis and draws from a wide range of empirical studies provided by global scholars. The culmination of years of international research this agenda-setting text will be essential reading for academics and advanced students using membership categorization across the social sciences; particularly in media and communication studies, sociology, psychology, education, political science and linguistics."--Back cover. |
| 650 #0 - SUBJECT ADDED ENTRY--TOPICAL TERM | |
| Topical term or geographic name entry element | COMMUNICATION--SOCIAL ASPECTS |
| 650 #0 - SUBJECT ADDED ENTRY--TOPICAL TERM | |
| Topical term or geographic name entry element | CONVERSATION ANALYSIS |
| 650 #0 - SUBJECT ADDED ENTRY--TOPICAL TERM | |
| Topical term or geographic name entry element | ORAL COMMUNICATION |
| 700 ## - ADDED ENTRY--PERSONAL NAME | |
| Personal name | Housley, William |
| 995 ## - RECOMMENDATION 995 [LOCAL, UNIMARC FRANCE] | |
| -- | CBU-MAIN LIBRARY (Kitwe) |
| -- | 52.00 |
| -- | 1 |
| -- | AVAILABLE |
| -- | Feb 15, 2017 |
| -- | Main Library Open Access Collection |
| Withdrawn status | Lost status | Source of classification or shelving scheme | Damaged status | Not for loan | Home library | Current library | Shelving location | Date acquired | Total Checkouts | Full call number | Barcode | Date last seen | Price effective from | Koha item type |
|---|---|---|---|---|---|---|---|---|---|---|---|---|---|---|
| CBU-MAIN LIBRARY, KITWE. | CBU-MAIN LIBRARY, KITWE. | 11/30/2022 | P 95.45 Adv | 747529 | 11/30/2022 | 11/30/2022 | MONOGRAPH |